Don álvaro o la fuerza del sino /

Guardado en:
Autor Principal: Duque de Rivas (1791-1865)
Formato: Libro
Publicado: Zaragoza : Ebro, 1966.
Edición:1a. ed.
Materias:
Etiquetas: Agregar Etiqueta
Sin Etiquetas, Sea el primero en etiquetar este registro!
LEADER 00595nam a22002055a 4500
001 CEM.cems017417
005 20130612145534.0
008 130507s1966##################000#0#####d
003 CEMS
020 |a . 
082 0 4 |a 862 
100 1 |a Duque de Rivas (1791-1865) 
245 1 0 |a Don álvaro o la fuerza del sino /  |c ángel Saavedra y Ramírez de Baquedano, Duque de Rivas. 
250 |a 1a. ed. 
260 |a Zaragoza :  |b Ebro,  |c 1966. 
300 |a 156 p. 
653 |a Literatura española 
653 |a Teatro español 
653 |a Teatro 
859 |a CEMS  |b BIB. CEMS - Agricultura  |h 862  |i D929  |p A0576.04  |t Ej.1